000 00656nam a2200193Ii 4500
003 JO-AjNU
008 230605s9999||||xx |||||||||||||| ||und||
020 _a2-7451-3667-4
040 _aJO-AjNU
_bara
_erda
_cJO-AjNU
041 _aara
050 1 4 _aPJ6640.Q25.2005
245 0 0 _aالقاموس: إنجليزي - عربي مع الرسم اللاتيني للكلمات الإنجليزية حسب النطق الصوتي
250 _aط2
264 3 1 _aبيروت،لبنان: دار الكتب العلمية، 2005
300 _a856ص
336 _atext
_btxt
_2rdacontent
337 _aunmediated
_bn
_2rdamedia
338 _avolume
_bnc
_2rdacarrier
999 _aA2419
_c5987
_d5987